Joint stock companies in India for 1958-59 (Record no. 497989)

000 -LEADER
fixed length control field 00452cam a22001097a 4500
008 - FIXED-LENGTH DATA ELEMENTS--GENERAL INFORMATION
fixed length control field 180718b1963 xxu||||| |||| 00| 0 eng d
082 ## - DEWEY DECIMAL CLASSIFICATION NUMBER
Classification number T31x54 In2j/2
245 ## - TITLE STATEMENT
Title Joint stock companies in India for 1958-59
Statement of responsibility, etc. by Department of Company Law Administration, Ministry of Commerce and Industry
260 ## - PUBLICATION, DISTRIBUTION, ETC.
Place of publication, distribution, etc. New Delhi
Name of publisher, distributor, etc. Government of India
Date of publication, distribution, etc. 1963
300 ## - PHYSICAL DESCRIPTION
Extent 1183p
700 ## - ADDED ENTRY--PERSONAL NAME
Personal name India. Ministry of Commerce and Industry, Department of Company Law Administration
Holdings
Withdrawn status Lost status Damaged status Not for loan Permanent Location Current Location Date acquired Full call number Barcode Date last seen Price effective from Koha item type
        Indian Institute of Public Administration Indian Institute of Public Administration 2018-08-04 T31x54 In2j/2 GG2198 2018-08-04 2018-08-04 GG

Powered by Koha